LEADER 04332nam 2200733 a 450 001 9910465737403321 005 20200520144314.0 010 $a3-11-027065-X 024 7 $a10.1515/9783110270655 035 $a(CKB)2560000000079154 035 $a(EBL)827346 035 $a(OCoLC)772844631 035 $a(SSID)ssj0000623699 035 $a(PQKBManifestationID)11369302 035 $a(PQKBTitleCode)TC0000623699 035 $a(PQKBWorkID)10657676 035 $a(PQKB)10321208 035 $a(MiAaPQ)EBC827346 035 $a(WaSeSS)Ind00017250 035 $a(DE-B1597)173954 035 $a(OCoLC)1011446512 035 $a(OCoLC)778433443 035 $a(OCoLC)979906369 035 $a(DE-B1597)9783110270655 035 $a(Au-PeEL)EBL827346 035 $a(CaPaEBR)ebr10523725 035 $a(CaONFJC)MIL628079 035 $a(EXLCZ)992560000000079154 100 $a20120130d2011 uy 0 101 0 $aeng 135 $aur|n|---||||| 181 $ctxt 182 $cc 183 $acr 200 00$aAnnual review of South Asian languages and linguistics 2011$b[electronic resource] /$fedited by Rajendra Singh, Ghanshyam Sharma 210 $aBerlin $cDe Gruyter$d2011 215 $a1 online resource (220 p.) 225 1 $aTrends in linguistics. Studies and monographs,$x1861-4302 ;$v241 300 $aDescription based upon print version of record. 311 $a1-306-96828-3 311 $a3-11-027057-9 320 $aIncludes bibliographical references. 327 $t Frontmatter -- $tContents -- $tEditorial Preface -- $tGeneral Contributions -- $tMetatypy in Sri Lanka Malay / $rAnsaldo, Umberto -- $tBenglish verbs: A case of code-mixing in Bengali / $rBhattacharja, Shishir -- $tAgreement and non-finite verbs in Bangla: A biaxial approach / $rDasgupta, Probal -- $tOn the role of protases in conditional statements: Some evidence from Hindi / $rSharma, Ghanshyam -- $tSpecial Contributions: The Indigenous Languages of South Asia -- $tAspects of Kharia grammar: A Role and Reference Grammar approach / $rPeterson, John -- $tGrammatical voice in Gorum / $rRau, Felix -- $tRegional Reports -- $tIndia / $rSailaja, Pingali -- $tReviews -- $tMrinal Kaul and Ashok Aklujkar (Eds.) - Linguistic traditions of Kashmir / $rBhattacharja, Shishir -- $tS. Imtiaz Hasnain & Shreesh Chaudhary (Eds.) - Problematizing Language Studies. Cultural, Theoretical and Applied Perspectives. Essays in Honor of Rama Kant Agnihotri / $rSharma, Ghanshyam -- $tAppendices -- $tAnnouncements: The Gyandeep Prize -- $tNotes on Contributors 330 $aSouth Asia is home to a large number of languages and dialects. Although linguists working on this region have made significant contributions to our understanding of language, society, and language in society on a global scale, there is as yet no recognized international forum for the exchange of ideas amongst linguists working on South Asia. The Annual Review of South Asian Languages and Linguistics is designed to be just that forum. It brings together empirical and theoretical research and serves as a testing ground for the articulation of new ideas and approaches which may be grounded in a study of South Asian languages but which have universal applicability. Each volume will have three major sections:I. Invited contributions consisting of state-of-the-art essays on research in South Asian languages.II. Refereed open submissions focusing on relevant issues and providing various viewpoints.III. Reports from around the world, book reviews and abstracts of doctoral theses. 410 0$aTrends in linguistics.$pStudies and monographs ;$v241. 606 $aIndo-Aryan languages 606 $aIndo-Aryan languages, Modern 606 $aSociolinguistics$zSouth Asia 607 $aSouth Asia$xLanguages$xSemantics 608 $aElectronic books. 615 0$aIndo-Aryan languages. 615 0$aIndo-Aryan languages, Modern. 615 0$aSociolinguistics 676 $a491.1 676 $a491/.1 701 $aSingh$b Rajendra$f1943-$0899082 701 $aSharma$b Ghanshyam$f1952-$01031394 801 0$bMiAaPQ 801 1$bMiAaPQ 801 2$bMiAaPQ 906 $aBOOK 912 $a9910465737403321 996 $aAnnual review of South Asian languages and linguistics 2011$92448754 997 $aUNINA LEADER 05155nam 22008415 450 001 9910874731403321 005 20251208174515.0 010 $a0-7766-4006-2 024 7 $a10.1515/9780776640068 035 $a(CKB)5580000000566916 035 $a(PPN)272719641 035 $a(DE-B1597)668099 035 $a(DE-B1597)9780776640068 035 $a(OCoLC)1425815286 035 $a(MdBmJHUP)musev2_112794 035 $a(EXLCZ)995580000000566916 100 $a20240130h20232023 fg 101 0 $aeng 135 $aur||#|||||||| 181 $ctxt$2rdacontent 182 $cc$2rdamedia 183 $acr$2rdacarrier 200 00$aFuture Horizons $eCanadian Digital Humanities /$fed. by Dean Irvine, Sarah Roger, Paul Barrett 210 1$aOttawa :$cUniversity of Ottawa Press,$d[2023] 210 4$d2023 215 $a1 online resource (458 p.) 225 0 $aCanadian Literature Collection 330 $a"Across more than twenty chapters, Future Horizons explores the past, present, and future of digital humanities research, teaching, and experimentation in Canada. Bringing together work by established and emerging scholars, this collection presents contemporary initiatives in digital humanities alongside a reassessment of the field's legacy to date and conversations about its potential. It also offers a historical view of the important, yet largely unknown, digital projects in Canada. Future Horizons offers deep dives into projects that enlist a diverse range of approaches--from digital games to makerspaces, sound archives to born-digital poetry, visual arts to digital textual analysis--and that work with both historical and contemporary Canadian materials. These essays demonstrate how such diverse approaches challenge disciplinary knowledge by enabling researchers to ask new questions. This collection challenges the idea that there is either a single definition of digital humanities or a collective national identity. By looking to digital engagements with race, Indigeneity, gender, and sexuality--not to mention history, poetry, and nationhood--Future Horizons expands what it means to work at the intersection of digital humanities and humanities in Canada today."--$cProvided by publisher. 606 $aART / Digital$2bisacsh 607 $aCanada$2fast$1https://id.oclc.org/worldcat/entity/E39PBJkMHVW4rfVXPrhVP4VwG3 610 $aArchives. 610 $aCanadian Digital Humanities. 610 $aCanadian Literature. 610 $aDigital Humanities. 610 $aDigital Poetics. 610 $aDigital Projects. 610 $aHumanities Computing. 615 7$aART / Digital. 702 $aBarrett$b Paul$4edt$4http://id.loc.gov/vocabulary/relators/edt 702 $aBetts$b Gregory$4ctb$4https://id.loc.gov/vocabulary/relators/ctb 702 $aBrown$b Susan$4ctb$4https://id.loc.gov/vocabulary/relators/ctb 702 $aCampbell$b Mark V.$4ctb$4https://id.loc.gov/vocabulary/relators/ctb 702 $aCho$b Allan$4ctb$4https://id.loc.gov/vocabulary/relators/ctb 702 $aCowley$b Kendra$4ctb$4https://id.loc.gov/vocabulary/relators/ctb 702 $aAlison-Crompton$b C.$4ctb$4https://id.loc.gov/vocabulary/relators/ctb 702 $aDangoisse$b Pascale$4ctb$4https://id.loc.gov/vocabulary/relators/ctb 702 $aDjwa$b Sandra$4ctb$4https://id.loc.gov/vocabulary/relators/ctb 702 $aFitzpatrick$b Ryan$4ctb$4https://id.loc.gov/vocabulary/relators/ctb 702 $aFong$b Deanna$4ctb$4https://id.loc.gov/vocabulary/relators/ctb 702 $aGaertner$b David$4ctb$4https://id.loc.gov/vocabulary/relators/ctb 702 $aIrvine$b Dean J$g(Dean Jay),$4edt$4http://id.loc.gov/vocabulary/relators/edt 702 $aIvanov$b Asen$4ctb$4https://id.loc.gov/vocabulary/relators/ctb 702 $aJensen$b Graham H.$4ctb$4https://id.loc.gov/vocabulary/relators/ctb 702 $aKaur$b Rashmeet$4ctb$4https://id.loc.gov/vocabulary/relators/ctb 702 $aMartin$b Kim$4ctb$4https://id.loc.gov/vocabulary/relators/ctb 702 $aMcLeod$b Katherine$4ctb$4https://id.loc.gov/vocabulary/relators/ctb 702 $aObbard$b Kiera$4ctb$4https://id.loc.gov/vocabulary/relators/ctb 702 $aPlessis$b Klara du$4ctb$4https://id.loc.gov/vocabulary/relators/ctb 702 $aPolyck-O'Neill$b Julia$4ctb$4https://id.loc.gov/vocabulary/relators/ctb 702 $aRisam$b Roopika$4ctb$4https://id.loc.gov/vocabulary/relators/ctb 702 $aRoger$b Sarah$4edt$4http://id.loc.gov/vocabulary/relators/edt 702 $aSaklofske$b Jon$4ctb$4https://id.loc.gov/vocabulary/relators/ctb 702 $aSchmaltz$b Eric$4ctb$4https://id.loc.gov/vocabulary/relators/ctb 702 $aSchwartz$b Michelle$4ctb$4https://id.loc.gov/vocabulary/relators/ctb 702 $aSpinosa$b Dani$4ctb$4https://id.loc.gov/vocabulary/relators/ctb 702 $aZeffiro$b Andrea$4ctb$4https://id.loc.gov/vocabulary/relators/ctb 702 $aZhang$b Sarah$4ctb$4https://id.loc.gov/vocabulary/relators/ctb 801 0$bDE-B1597 801 1$bDE-B1597 906 $aBOOK 912 $a9910874731403321 996 $aFuture Horizons$94184222 997 $aUNINA